[Event "COL-ch Amateur U2000"]
[Site "Bogota"]
[Date "2017.03.04"]
[Round "4"]
[White "Fino, Miguel Andres"]
[Black "Barrios, Felipe"]
[Result "0-1"]
[WhiteElo "1769"]
[BlackElo "1937"]
[PlyCount "96"]
[EventDate "2017.03.02"]
[EventType "swiss"]
[EventRounds "7"]
[EventCountry "COL"]
[SourceTitle "CBM 177 Extra"]
[Source "ChessBase"]
[SourceDate "2017.04.27"]
[SourceVersion "1"]
[SourceVersionDate "2017.04.27"]
[SourceQuality "1"]

1. e4 c5 2. d4 cxd4 3. c3 d3 4. Bxd3 Nc6 5. Nf3 d6 6. 0-0 Nf6 7. h3 g6 8. Be3 Bg7 9. Qe2 0-0 10. Nd4 a6 11. f4 Qc7 12. Nd2 b5 13. Rac1 Bb7 14. c4 b4 15. b3 Nd7 16. N2f3 Nc5 17. Bb1 Nxd4 18. Bxd4 e5 19. fxe5 dxe5 20. Bf2 Ne6 21. Bg3 a5 22. Rcd1 Rad8 23. Kh2 Nf4 24. Qe3 Nh5 25. Bh4 f6 26. Bf2 Rxd1 27. Rxd1 Rd8 28. Rxd8+ Qxd8 29. Qd3 Qa8 30. c5 Nf4 31. Qc4+ Kh8 32. g3 Ba6 33. Qf7 Nd3 34. Be3 Bb5 35. Qd5 Qxd5 36. exd5 Bf8 37. Bxd3 Bxd3 38. d6 Bb5 39. Nd2 Kg7 40. Nc4 a4 41. bxa4 Bxc4 42. d7 Be7 43. c6 Bd8 44. Bc5 b3 45. axb3 Bxb3 46. Bd6 Bxa4 47. c7 Bxc7 48. Bxc7 Bxd7 0-1

[Event "COL-ch Amateur U2000"]
[Site "Bogota"]
[Date "2017.03.03"]
[Round "3"]
[White "Franco, Marcos"]
[Black "Fino, Miguel Andres"]
[Result "0-1"]
[WhiteElo "1724"]
[BlackElo "1769"]
[PlyCount "58"]
[EventDate "2017.03.02"]
[EventType "swiss"]
[EventRounds "7"]
[EventCountry "COL"]
[SourceTitle "CBM 177 Extra"]
[Source "ChessBase"]
[SourceDate "2017.04.27"]
[SourceVersion "1"]
[SourceVersionDate "2017.04.27"]
[SourceQuality "1"]

1. d4 e6 2. c4 Nf6 3. Nf3 Bb4+ 4. Bd2 Qe7 5. a3 Bxd2+ 6. Nbxd2 b6 7. e3 Bb7 8. Be2 0-0 9. 0-0 d6 10. b4 Nbd7 11. Qc2 c5 12. Rfe1 Rac8 13. Qb3 Ne4 14. Nxe4 Bxe4 15. Nd2 Bb7 16. Bf3 Bxf3 17. Nxf3 Nf6 18. Nd2 Rfd8 19. d5 exd5 20. cxd5 Nd7 21. e4 Ne5 22. Nc4 cxb4 23. Nxe5 Qxe5 24. axb4 Rc3 25. Qa4 Rdc8 26. Qxa7 Qd4 27. Qe7 Rc2 28. Qh4 Qxa1 29. Rf1 Rc1 0-1

[Event "COL-ch Amateur U2000"]
[Site "Bogota"]
[Date "2017.03.02"]
[Round "1"]
[White "Molina, Angel"]
[Black "Fino, Miguel Andres"]
[Result "1-0"]
[WhiteElo "1946"]
[BlackElo "1769"]
[PlyCount "32"]
[EventDate "2017.03.02"]
[EventType "swiss"]
[EventRounds "7"]
[EventCountry "COL"]
[SourceTitle "CBM 177 Extra"]
[Source "ChessBase"]
[SourceDate "2017.04.27"]
[SourceVersion "1"]
[SourceVersionDate "2017.04.27"]
[SourceQuality "1"]

1. e4 e6 2. d4 d5 3. e5 c5 4. c3 Nc6 5. Nf3 Qb6 6. a3 c4 7. Nbd2 Na5 8. Be2 Bd7 9. a4 Ne7 10. 0-0 Nec6 11. Ne1 Be7 12. f4 0-0-0 13. Kh1 f6 14. Ndf3 Rdg8 15. b4 cxb3 16. Rb1 h6 1-0

[Event "Bogota University op 7th"]
[Site "Bogota"]
[Date "2013.10.11"]
[Round "3"]
[White "Valle, Efrain"]
[Black "Fino, Miguel Andres"]
[Result "1-0"]
[WhiteElo "2207"]
[BlackElo "1806"]
[PlyCount "64"]
[EventDate "2013.10.10"]
[EventType "swiss"]
[EventRounds "9"]
[EventCountry "COL"]
[SourceTitle "CBM 156 Extra"]
[Source "ChessBase"]
[SourceDate "2013.10.22"]
[SourceVersion "1"]
[SourceVersionDate "2013.10.22"]
[SourceQuality "1"]

1. e4 e6 2. d4 d5 3. Nd2 Nf6 4. Bd3 c5 5. exd5 Nxd5 6. dxc5 Bxc5 7. Qg4 0-0 8. Qh5 g6 9. Qh6 Bd4 10. Ndf3 Bg7 11. Qd2 e5 12. Ne2 Bg4 13. Be4 Be6 14. c4 f5 15. Bxd5 Bxd5 16. Qxd5+ Qxd5 17. cxd5 Rd8 18. Nc3 e4 19. Ng5 Bxc3+ 20. bxc3 Rxd5 21. Bf4 Nc6 22. Ne6 Rd3 23. Rc1 Re8 24. Nc5 Rd5 25. Nb3 Ne5 26. Bxe5 Rdxe5 27. Ke2 f4 28. Rhd1 R8e7 29. Rd8+ Kg7 30. Rcd1 b6 31. R1d7 g5 32. Nd4 Kf6 1-0

[Event "Santander UDI University op U27"]
[Site "Santander"]
[Date "2012.04.02"]
[Round "8"]
[White "Fino, Miguel Andres"]
[Black "Soto, Christian Camilo"]
[Result "0-1"]
[WhiteElo "1813"]
[BlackElo "1787"]
[PlyCount "60"]
[EventDate "2012.03.29"]
[EventType "swiss"]
[EventRounds "9"]
[EventCountry "COL"]
[SourceTitle "CBM 147 Extra"]
[Source "ChessBase"]
[SourceDate "2012.04.24"]
[SourceVersion "1"]
[SourceVersionDate "2012.04.24"]
[SourceQuality "1"]

1. e4 c5 2. Nf3 Nc6 3. d4 cxd4 4. Nxd4 g6 5. c4 Bg7 6. Be3 Nf6 7. Nc3 0-0 8. Be2 d6 9. 0-0 Ne5 10. f4 Neg4 11. Bc1 e5 12. Nb3 Qb6+ 13. c5 dxc5 14. Bc4 exf4 15. Bxf4 Nh5 16. Qf3 Nxf4 17. Qxf4 Be5 18. Bxf7+ Kg7 19. Nd5 Bxf4 20. Nxb6 Bxh2+ 21. Kh1 axb6 22. Bd5 Bd7 23. Bxb7 Rxf1+ 24. Rxf1 Rf8 25. Rf3 Be5 26. Nd2 Bb5 27. b3 Bd4 28. Bd5 Be2 29. Rxf8 Kxf8 30. g3 Be3 0-1

[Event "Santander UDI University op U27"]
[Site "Santander"]
[Date "2012.03.31"]
[Round "5"]
[White "Quiroz Silva, Santiago"]
[Black "Fino, Miguel Andres"]
[Result "0-1"]
[WhiteElo "1456"]
[BlackElo "1813"]
[PlyCount "56"]
[EventDate "2012.03.29"]
[EventType "swiss"]
[EventRounds "9"]
[EventCountry "COL"]
[SourceTitle "CBM 147 Extra"]
[Source "ChessBase"]
[SourceDate "2012.04.24"]
[SourceVersion "1"]
[SourceVersionDate "2012.04.24"]
[SourceQuality "1"]

1. e4 c5 2. Nf3 d6 3. d4 cxd4 4. Nxd4 Nf6 5. Nc3 a6 6. f3 e6 7. Be3 b5 8. g4 Be7 9. Nb3 Nc6 10. h4 h5 11. g5 Nd7 12. Nd4 Qc7 13. g6 Nde5 14. gxf7+ Kxf7 15. Be2 Bd7 16. f4 Nc4 17. Bxc4 bxc4 18. Nf3 Rab8 19. Rb1 Bf6 20. Ng5+ Ke7 21. Qd2 Qa5 22. Rd1 Qc7 23. f5 d5 24. exd5 Qg3+ 25. Kf1 Bxc3 26. Qxc3 Qg4 27. Qxg7+ Kd6 28. dxe6+ Qxd1+ 0-1

[Event "Bogota Mayores Distrital op 03"]
[Site "Bogota"]
[Date "2011.03.21"]
[Round "6.18"]
[White "Carrillo, Custodio"]
[Black "Fino, Miguel Andres"]
[Result "1-0"]
[WhiteElo "1897"]
[BlackElo "1854"]
[PlyCount "69"]
[EventDate "2011.03.18"]
[EventType "swiss"]
[EventRounds "7"]
[EventCountry "COL"]
[SourceTitle "EXT 2024"]
[Source "ChessBase"]
[SourceDate "2023.10.10"]
[SourceVersion "1"]
[SourceVersionDate "2023.10.10"]
[SourceQuality "1"]

1. d4 Nf6 2. Nf3 g6 3. Bf4 Bg7 4. Nbd2 d6 5. e3 0-0 6. Bd3 Nbd7 7. 0-0 Nh5 8. Bg5 h6 9. Bh4 g5 10. Nxg5 Nhf6 11. Nge4 Nh7 12. f4 Qe8 13. Nf3 Ndf6 14. Qe1 Kh8 15. Ng3 Rg8 16. Nf5 Bxf5 17. Bxf5 e6 18. Bd3 Qc6 19. e4 Nh5 20. Qd2 N7f6 21. Rae1 Qb6 22. c3 Nd7 23. e5 dxe5 24. fxe5 f5 25. exf6 Nhxf6 26. Kh1 Raf8 27. Ne5 Nxe5 28. Rxe5 Nh7 29. Ree1 Qc6 30. Bb1 Qd5 31. Qd3 Rf5 32. Rxf5 exf5 33. Qxf5 Qxf5 34. Bxf5 Rf8 35. g4 1-0